Plus Patent News

Bibliographic Details
Format: eBook
Language:English
Published: [s.l.] : Plus media solutions, 2011 -
Subjects:
Online Access:Acceso restringido

MARC

LEADER 00000nam a22000007a 4500
005 20120808143154.0
007 cr|||| ||||
008 120808c20119999xxuzn|| s|||| 0||| 1eng d
035 |a 6551 
040 |a vLex 
090 |c 3359  |d 3359 
245 0 0 |a Plus Patent News  |h [Recurso electrn̤ico] 
256 |a Servicio en ln̕ea 
260 |a [s.l.] :  |b Plus media solutions,  |c 2011 - 
300 |a 1 recurso electrn̤ico 
506 1 |a Contenido solo disponible en los productos indicados  |d vLex Global   |d vLex Global (Academic Edition, excluding Law Schools)   |d vLex Global (U.S. Academic Edition, Law Schools)   |d vLex Global (U.S. Academic Edition, excluding Law Schools)   |d vLex Global (Academic Edition, Law Schools)  
650 0 4 |a Noticias 
650 0 4 |a Patentes de invencin̤ 
740 0 |a vLex Revistas (servicio en ln̕ea) 
856 4 0 |u http://vlex.com/source/plus-patent-news-6551  |z Acceso restringido 
942 |c REV 
999 0 |a News 
999 0 |a Patents